| 000 | 00403nam a2200133Ia 4500 | ||
|---|---|---|---|
| 008 | 220204s9999 xx 000 0 und d | ||
| 020 | _a9788187439202 | ||
| 082 | _bJOS | ||
| 100 | _aGeorge | ||
| 245 | 0 | _aMFN tariffs and value of imports of rubber and rubber products under the WTO regime | |
| 260 |
_aKottayam _bRubber Research Institute of India _c2006 |
||
| 700 | _aJacob, Joseph, K T | ||
| 942 | _cREF | ||
| 999 |
_c44286 _d44286 |
||